[Event "BCF-chT 9798 (4NCL)"]
[Site "England"]
[Date "1998.05.25"]
[Round "11.1"]
[White "Sadler, Matthew D"]
[Black "Gurevich, Mikhail"]
[Result "1/2-1/2"]
[WhiteElo "2650"]
[BlackElo "2635"]
[Annotator "Gurevich,M"]
[PlyCount "71"]
[EventDate "1997.11.??"]
[EventType "team"]
[EventRounds "11"]
[EventCountry "ENG"]
[SourceTitle "CBM 064 Extra"]
[Source "ChessBase"]
[SourceDate "1998.07.07"]
[SourceVersion "1"]
[SourceVersionDate "1998.07.07"]
[SourceQuality "1"]
[WhiteTeam "Invicta Kts"]
[BlackTeam "Slough"]
[WhiteTeamCountry "ENG"]
[BlackTeamCountry "ENG"]

1. d4 f5 2. g3 d6 3. Nf3 g6 4. Bg2 Bg7 5. O-O Nf6 6. b4 O-O 7. Bb2 Ne4 8. Nbd2
a5 9. b5 a4 10. Rb1 c6 11. bxc6 Nxc6 $5 {TN} (11... bxc6 12. c4 Qa5 13. Qc2 Na6
14. a3 Bd7 15. e3 d5 16. Rfd1 e6 17. Nxe4 fxe4 18. Ne5 Qc7 19. f4 exf3 20. Nxf3
Kh8 21. Rf1 $14 {1-0 Sakaev,K-Poluljahov,A/Kstovo Russia Cup (9) 1997 (38)})
12. c4 Qa5 13. Nxe4 fxe4 14. Nd2 e3 $5 (14... Nxd4 15. Nxe4 Nf5 (15... Ne6 16.
Bxg7 Kxg7 (16... Nxg7 17. Qd5+ Qxd5 18. cxd5 $16) 17. Rb5 Qc7 18. Rb4 $14) 16.
c5 $1 Bxb2 17. Rxb2 dxc5 18. Qd5+ $14) 15. fxe3 Rxf1+ 16. Nxf1 (16. Kxf1 Bf5
17. e4 Bg4 $44) 16... Bf5 17. e4 $1 {/\ Nf1-e3-d5} (17. Rc1 Rd8 $5 {/\18...e5})
17... Bd7 18. Ne3 Qa7 19. Nd5 Rd8 $5 (19... Nxd4 20. Nxe7+ Kh8 21. e3 $16) (
19... e6 20. Nc7 Rf8 21. Nb5 $16) 20. e3 e6 21. Nc7 Na5 22. Bh3 $6 (22. c5 $1
Nc4 (22... dxc5 23. dxc5 Nc6 (23... Bxb2 24. Nxe6 $18) 24. Bxg7 Kxg7 25. Qd6
$16) 23. cxd6 Nxe3 24. Qd3 Nxg2 25. Kxg2 Qb6 26. e5 $16) 22... Nxc4 23. Bxe6+
Bxe6 24. Nxe6 Re8 25. Nxg7 Kxg7 26. Bc3 $14 {[#]} b5 $5 (26... d5 $1 27. exd5
b5 $5 28. Rxb5 Qd7 $132) (26... Rxe4 $2 27. Qf3 d5 28. Rf1 $18) 27. Rxb5 (27.
d5+ Kh6 28. Bd4 Qd7 29. Qd3 $14) 27... d5 $5 28. Qb1 $1 (28. exd5 Qd7 $132 29.
Qxa4 $2 Nxe3 30. Ra5 Qh3 $19) (28. Rxd5 $2 Nxe3 $17) 28... Nd6 $8 29. Rb6 $6
$138 (29. Rxd5 $1 Nxe4 30. Be1 Qf7 31. Qb5 $1 Qf3 (31... Rf8 32. Rd7 $18) (
31... Re7 32. Re5 $18) 32. Qd7+ $1 (32. Qxe8 Qxe3+ 33. Kg2 Qe2+ 34. Bf2 Qxf2+
35. Kh3 Qf1+ 36. Kh4 Qf6+ 37. Kh3 Qf1+ $11) 32... Kf6 (32... Kh6 33. Qh3+ Kg7
34. Rd7+ Kf6 35. Qf1 $18) 33. Qxe8 Qxe3+ 34. Kg2 (34. Kf1 Nxg3+ 35. Bxg3 Qxe8
$15) 34... Qe2+ 35. Bf2 Qxf2+ 36. Kh3 Qf1+ 37. Kh4 g5+ 38. Rxg5 Nxg5 39. Qe5+
$18) 29... Qe7 $1 30. e5 (30. Bb4 Qg5 $1 31. Bxd6 Qxe3+ $11) 30... Qg5 31. Rxd6
(31. Qd3 Ne4 32. Bb4 Qg4 $132) 31... Qxe3+ $11 32. Kg2 Qe2+ 33. Kh3 Qh5+ 34.
Kg2 Qe2+ 35. Kh3 Qh5+ 36. Kg2 1/2-1/2

[Event "DEN-ch"]
[Site "Aalborg"]
[Date "2000.04.21"]
[Round "6"]
[White "Hansen, Curt"]
[Black "Danielsen, Henrik"]
[Result "1-0"]
[WhiteElo "2618"]
[BlackElo "2514"]
[Annotator "Hansen,Cu"]
[PlyCount "69"]
[EventDate "2000.04.15"]
[EventType "tourn"]
[EventRounds "9"]
[EventCountry "DEN"]
[EventCategory "11"]
[SourceTitle "CBM 077"]
[Source "ChessBase"]
[SourceDate "2000.07.27"]
[SourceVersion "1"]
[SourceVersionDate "2000.07.27"]
[SourceQuality "1"]

1. d4 {Finkel,A} c5 2. d5 f5 {Rukavina,J (2460)-Larsen,B (2620) Leningrad
Interzonal 1973 (1) 0-1 My opponents first move was a surprise because Henrik
Danielsen has answered 1.d4 with f7-f5 in almost all his games over the last
couple of years. His second move - which brings the game back in Dutch types
of positions - shows that his first move was only a clever way of awoiding the
main lines and possible opening preparations.  I remembered having seen Bent
Larsen play blacks setup in the Leningrad Interzonal in 1973. After the game I
found the following historical material: (loading the game with 'Enter')} 3. g3
{According to my old ECO whites best is supposed to be:} (3. Nc3 Nf6 4. Bg5 Qb6
(4... g6 $5 {This move looks normal to me}) 5. Rb1 $14 {In any case the Idea
with 3. g3 is getting into a normal type of postion. With to hours for 40
moves there is normally no time for trying to refute the opponents
opening-play at the board - in this type of non-concrete positon.}) 3... Nf6 4.
Bg2 g6 5. b3 $5 {The idea is to neutralise blacks Bg7 by placing whites
blacksquared B on b2. Another normal continuation would have been:} (5. c4 Bg7
6. Nc3 d6 (6... O-O {Finkel,A} 7. Nh3 e5 8. dxe6 dxe6 9. O-O Qe7 10. e4 $14 {
Kahn,E-Nazarenus,O/Budapest FS04 IM 1996}) 7. Nf3 O-O 8. O-O Na6 {[%cal Ya6c7,
Yb7b5] and Na6-c7 trying to play b7-b5. Compared to g3-Kingsindian lines -
where blacks f-P is on f7 - one could see the move f7-f5 as a weakening of
blacks postion - in particular the square e6 - or as a profylactic move making
it more difficult for white to create a strong centre with e2-e4. After:} 9.
Rb1 Nc7 10. b3 Qe8 $5 {we have a position that could also be reached via the
main Leningrad line with 7..Qe8}) (5. Nc3 {Finkel,A} Bg7 6. e4 fxe4 7. Nxe4 O-O
8. Ne2 Nxe4 9. Bxe4 d6 10. Nf4 Na6 11. h4 $14 {[%csl Rg8][%cal Gh4h5] Vera,
R-Becerra Rivero,J/CUB-ch 1996}) (5. Nh3 {Finkel,A} Bg7 6. O-O O-O 7. Nd2 d6 8.
Re1 Na6 9. e4 Nc7 10. Nf4 e5 $132 {Korneevets,A-Kislov,S/Moravia-ch op 1996})
5... Bg7 6. Bb2 O-O 7. Nf3 d6 8. O-O b5 {Normally black would have to work
hard to get to play this move - see the note to whites 5th move. So it seems
normal to play it "for free".} 9. Na3 {Possible is 9.c4, but during the game I
saw that as an admission - because black has been allowed to play b7-b5.
However in connection with Nb1-d2 instead of Nb1-c3 it is not a bad idea.} b4 (
9... a6 10. c4 b4 (10... bxc4 11. Nxc4) 11. Nc2 {and I considered my chances
in the centre to be good after the Q-side had been closed. Still I guess this
was blacks best option. The game continuation seems to prove that the
text-move is to ambitious.}) 10. Nc4 {[%cal Ya2a3] White now wants to
undermine blacks structure on the Q-side with a2-a3} Ne4 {Black has achieved
control over the black square c3 deep inside whites position. Apart from that
whites P-d5 has been cut of from the rest of whites P-strukture because of
blacks Ps on b4 and f5. Still I was sceptical to blacks seup, that is build on
only one well-placed piece (Ne4) that cannot easily be supported by the rest
of blacks forces} 11. Bxg7 Kxg7 12. a3 {[%cal Ra3b4] Finkel,A: 'Important move:
white opens the a-file and places his pieces very comfortable on it.'
Threatening 13.axb4 cxb4 14.Qd4+ winning a7} Na6 13. axb4 Nxb4 (13... cxb4 $2
14. Rxa6 Bxa6 15. Qa1+ $18) 14. Ra3 $1 {[%cal Yd1a1] Blacks control over c3
has been weakened. If white can force back just one of blacks Ns he should get
a clear positional advantage. The idea with the textmove is to give the Q
access to al from where it will control c3.} Rf6 (14... Nc3 15. Qa1 Nbxd5 16.
Ne3 $16 {[%cal Ya1h8,Yg2a8]}) 15. Ne3 Bb7 16. c4 {With this move white has
managed to stabilize his center-position. The P-d5 has been supported, and
after c2-c4 the black possibility of Ne4-c3 has become harmless. In the
following moves it will be natural to try to undermine the position of Ne4 and
if possible to get through the P-advance e2-e4. Whites main idea against all
dutch setups. However I intended to let Nb4 stay where it is. This N is better
supported that Ne4 but also cut off from the fight in the center and the
K-side, where the P-structure is still not static and where whites
posssibilites for expansion therefore are better.} Qh8 {Like in whites 5th
move black decides to place his Q on h8 to neutralise whites Q on al. White
will have difficulty in using the open a-<-> immidiately because the a-P will
be well protected by Bb7. After the game my opponent was of the opinion that
the textmove had been a mistake. However other setups would probably have
given him even bigger problems:} (16... Qb6 17. Qa1 a6 18. Nh4 {[%cal Rg2e4]})
17. Qa1 a6 18. Nh4 $5 (18. g4 f4 {I was not sure about this position during
the game. According to my postmortem it is probably good for white:} (18... Kg8
19. gxf5 gxf5 20. Nh4 {seemed difficult for black during the game}) 19. Nd1 {
[%csl Re4][%cal Ya1b1]} Nc2 20. Qb2 Nxa3 21. g5 $16 {The textmove - 18.Nh4 -
plans a more controlled offensive. Still white must be careful not suddenly
having a misplaced Ra3 when the center/K-side is opened}) 18... Kg8 19. f3 Ng5
20. f4 Nf7 (20... Ne4 21. g4 $18) 21. Qc1 {[%cal Yg3g4,Yg4g5]} Nh6 22. Nf3 {
[%cal Yf3g5,Yg5e6]} e6 $2 {It is logical to exchange the backward and weak e-P,
but blacks forces are not well enough coordinated to make a opening of the
center a good idea. However the textmove was provoked by the threat Nf3-g5-e6}
(22... Nf7 23. g4 $16 {[%csl Rf6][%cal Rg4g5] still with the black Q offi-side
on h8 the textmove 22..e6 is not good}) 23. Ng5 e5 $138 (23... exd5 24. Qd1 $1
$16 (24. Qd2 d4 25. Bxb7 dxe3 {seemed less clear to me.})) 24. fxe5 dxe5 25.
Ne6 Rc8 26. Nd1 Nf7 27. Ra5 $18 {[%csl Rc5]} e4 28. Qd2 Rxe6 29. dxe6 Ne5 30.
Rxc5 Nec6 31. Ne3 Rd8 32. Nd5 Qg7 33. e7 Nxe7 34. Nxe7+ Qxe7 35. Qxb4 1-0

[Event "DEN-ch"]
[Site "Odense"]
[Date "1994.??.??"]
[Round "7"]
[White "Danielsen, Henrik"]
[Black "Pedersen, Steffen"]
[Result "1-0"]
[WhiteElo "2480"]
[BlackElo "2420"]
[Annotator "Hansen,LB"]
[PlyCount "88"]
[EventDate "1994.07.??"]
[EventType "tourn"]
[EventRounds "9"]
[EventCountry "DEN"]
[EventCategory "10"]
[SourceTitle "CBM 041"]
[Source "ChessBase"]
[SourceDate "1994.08.01"]
[SourceVersion "1"]
[SourceVersionDate "1994.08.01"]
[SourceQuality "1"]

1. d4 {Hecht} f5 2. g3 Nf6 3. Bg2 g6 4. Nh3 (4. c3 c6 (4... Bg7 5. Qb3 d5 (5...
Nc6 6. Nf3 e6 7. O-O O-O 8. c4 d6 9. d5 Na5 10. Qa4 b6 $13 {Vaulin,A-Pedersen,
ST/Budapest/1992/}) 6. Nh3 O-O 7. Nf4 e6 8. h4 Qe7 9. h5 g5 10. h6 Bh8 11. Nd3
Ne4 $13 {Kiriakov,P-Sofieva,A/St.Petersburg op/1994/}) 5. Bg5 Bg7 6. Nd2 d5 $1
7. Nh3 O-O 8. O-O Qe8 9. c4 Ne4 10. Nxe4 dxe4 $13 {Nikolic,P-Ivanchuk,V/Manila
izt/1990/}) 4... Bg7 5. c3 {An interesting system,which requires accurate play
from Black.Probably he should transpose into a Stonewall-structure with c6+d5.}
Nc6 $6 (5... O-O 6. Qb3+ d5 $8 7. Nf4 $14) (5... c6 $1 {/\ d5}) 6. Qb3 e6 7.
Bg5 $1 d6 $6 (7... d5) 8. Nf4 Qe7 9. Nd2 $16 e5 10. Nd5 Qf7 11. Nxf6+ Bxf6 12.
Bd5 $1 Qe7 13. Bxf6 Qxf6 14. Qb5 $1 $18 Kd8 15. Bxc6 bxc6 16. Qxc6 Rb8 17. dxe5
Qxe5 18. Nc4 Qe8 19. Qxe8+ Rxe8 20. b3 Ba6 21. Ne3 g5 22. c4 Bb7 23. Rg1 f4 24.
gxf4 gxf4 25. Nc2 Be4 26. Rc1 Kd7 27. Kd2 $6 (27. Rg7+ $142 Re7 28. Rxe7+ Kxe7
29. f3 Bxc2 30. Rxc2 Rg8 31. Kf2 $18) 27... Bxc2 28. Rxc2 Rg8 29. Rcc1 Ke6 30.
e3 a5 $5 31. exf4 a4 32. Rxg8 Rxg8 33. bxa4 Rg2 34. Ke3 Rxh2 35. a5 $18 Rh3+
36. f3 Rh2 37. Ra1 $6 (37. a3 $142 Ra2 $140 38. Rc3 $18) 37... Rh5 $1 38. a6
Ra5 39. Rh1 h5 40. Ke4 c6 $2 (40... Rxa6 41. Rxh5 Rxa2 $16 {Aagaard}) (40...
Kf6 $1 {Hecht}) 41. f5+ $1 Rxf5 (41... Kf6 {Hecht} 42. Rxh5 Rxa6 43. Rh6+ Ke7
44. Re6+ Kd7 45. Kf4 Rxa2 46. Re1 Rc2 47. f6 $18) 42. a7 Ra5 43. Rxh5 $1 d5+ (
43... Rxa7 44. Rh6+ $18) 44. Kf4 Rxa2 (44... Rxa2 {Hecht} 45. Rh6+ Kd7 46. Rh8
$1 $18) 1-0

[Event "Pamplona 9596 6th"]
[Site "Pamplona"]
[Date "1996.??.??"]
[Round "?"]
[White "Izeta Txabarri, Felix"]
[Black "Illescas Cordoba, Miguel"]
[Result "1-0"]
[WhiteElo "2495"]
[BlackElo "2620"]
[Annotator "Hecht,H"]
[PlyCount "105"]
[EventDate "1995.12.??"]
[EventType "tourn"]
[EventRounds "9"]
[EventCountry "ESP"]
[EventCategory "13"]
[SourceTitle "CBM 052"]
[Source "ChessBase"]
[SourceDate "1996.06.01"]
[SourceVersion "1"]
[SourceVersionDate "1996.06.01"]
[SourceQuality "1"]

1. d4 f5 2. g3 Nf6 3. Bg2 g6 4. Nh3 Bg7 5. Nf4 d6 6. d5 c6 7. Nc3 g5 8. dxc6
Nxc6 9. Nd3 h6 10. e4 fxe4 11. Nxe4 Bf5 12. Nxf6+ Bxf6 13. h4 Rg8 14. hxg5 hxg5
15. c3 Qa5 16. O-O O-O-O 17. a4 Kb8 18. Be3 Qa6 19. Nb4 Nxb4 20. cxb4 d5 21. b5
Qd6 22. a5 Bxb2 23. Ra2 Bc3 24. a6 b6 25. Bd4 Bxd4 26. Qxd4 e6 27. Re1 Rc8 28.
Rd2 g4 29. Rdd1 Qc7 30. Re5 Rgf8 31. Rxd5 Qc4 32. Qg7 Qc7 33. Rd7 Rfd8 34. Bc6
e5 35. Rxc7 Rxd1+ 36. Kg2 Rxc7 {DL-TTL: Mattdrohungen über lange Diagonale,
Lavieren und Turtonmanöver, d.h. Dame vor Läufer auf der Diagonalen h1-a8,
Problem: offener wK} 37. Qxe5 Bc8 38. Be4 Rdd7 39. Kg1 Rd2 40. Kg2 Bd7 41. Kf1
Bc8 42. Ke1 Rdd7 43. f3 gxf3 44. Kf2 Rd8 45. Bxf3 Rd2+ 46. Ke3 Rdd7 47. Be4 Rd8
48. Kf3 Rf8+ 49. Kg2 Rd8 50. g4 Bxg4 51. Qg5 Rf8 52. Qd5 Rcf7 53. Qd6+ 1-0

[Event "RUS-ch"]
[Site "Elista"]
[Date "1996.??.??"]
[Round "8"]
[White "Epishin, Vladimir"]
[Black "Vasiukov, Evgeni"]
[Result "1-0"]
[WhiteElo "2620"]
[BlackElo "2505"]
[Annotator "Hecht,H"]
[PlyCount "135"]
[EventDate "1996.10.15"]
[EventType "swiss"]
[EventRounds "11"]
[EventCountry "RUS"]
[SourceTitle "CBM 056"]
[Source "ChessBase"]
[SourceDate "1997.02.01"]
[SourceVersion "1"]
[SourceVersionDate "1997.02.01"]
[SourceQuality "1"]

1. d4 f5 2. g3 Nf6 3. Bg2 g6 4. Nf3 Bg7 5. b3 O-O 6. Bb2 d6 7. Nbd2 Nc6 8. O-O
Qe8 9. Re1 e5 10. e4 f4 11. c3 Nh5 12. b4 Bg4 13. b5 Nd8 14. Qb3+ Kh8 15. dxe5
dxe5 16. c4 Nf7 17. Ba3 Rg8 18. c5 Rd8 19. b6 Be6 20. Qb2 axb6 21. cxb6 cxb6
22. Rac1 g5 23. Rc7 Rd7 24. Rec1 g4 25. Ne1 Ng5 26. Bb4 h6 27. Rxd7 Qxd7 28.
Bc3 Qd6 29. Bf1 Rc8 30. Nd3 Kh7 31. Bb4 Qd8 32. Rxc8 Qxc8 33. Bc3 Qc7 34. Bxe5
Bxe5 35. Qxe5 Qxe5 36. Nxe5 fxg3 37. fxg3 Nf6 38. a3 Kg7 39. Bg2 Ne8 40. Kf2
Nd6 41. Ke3 Kf6 42. Kf4 Ngf7 43. Nxf7 Kxf7 44. Bf1 b5 45. Ke3 Nc4+ 46. Nxc4
bxc4 47. a4 c3 48. Bb5 Kf6 49. a5 Ke5 50. Ba4 Bc4 51. Bd1 Be6 52. Kd3 Bd7 53.
Bc2 Bc6 54. Kxc3 Bxe4 55. Bxe4 Kxe4 {[#]_|_ Dame gegen Freibauern, Technik} 56.
Kc4 Kf3 57. Kc5 Kg2 58. Kb6 Kxh2 59. Kxb7 h5 60. a6 h4 61. a7 h3 (61... hxg3
62. a8=Q g2 63. Qh8+ Kg3 64. Qd4 Kh2 65. Qf2 g3 66. Qe2 Kh1 67. Qh5+ Kg1 68.
Kc6 Kf2 69. Qf5+ Ke2 70. Qe4+ Kf2 71. Qf4+ Ke2 72. Qxg3 Kf1 73. Qf3+ $18) 62.
a8=Q Kxg3 63. Kc6 Kg2 (63... h2 64. Kc5 Kf2 65. Qh1 g3 66. Kd4 g2 67. Qxh2 Kf1
68. Kd3 g1=Q 69. Qe2#) 64. Kd6+ Kg1 65. Qa1+ Kg2 66. Qb2+ Kg1 67. Qd4+ Kh1 68.
Qe4+ 1-0

[Event "Hoogovens"]
[Site "Wijk aan Zee"]
[Date "1997.02.01"]
[Round "12"]
[White "Van Wely, Loek"]
[Black "Illescas Cordoba, Miguel"]
[Result "1-0"]
[WhiteElo "2645"]
[BlackElo "2635"]
[Annotator "Hecht,H"]
[PlyCount "129"]
[EventDate "1997.01.18"]
[EventType "tourn"]
[EventRounds "13"]
[EventCountry "NED"]
[EventCategory "16"]
[SourceTitle "CBM 057"]
[Source "ChessBase"]
[SourceDate "1997.04.01"]
[SourceVersion "1"]
[SourceVersionDate "1997.04.01"]
[SourceQuality "1"]

1. d4 f5 2. g3 Nf6 3. Bg2 g6 4. Nf3 Bg7 5. O-O O-O 6. b4 d6 7. Bb2 Qe8 8. c4
Nc6 9. b5 Nd8 10. Nc3 Kh8 11. Re1 a6 12. a4 axb5 13. cxb5 c6 14. b6 Be6 15. a5
Nd5 16. e4 fxe4 17. Rxe4 Bf5 18. Re1 Nb4 19. Ne4 Qd7 20. Qd2 Nd5 21. Nh4 Bh3
22. Nc3 Bxg2 23. Nxg2 e6 24. Nxd5 exd5 25. Nf4 Kg8 26. Qe2 Bh6 27. Bc1 Bg7 28.
Bb2 Bh6 29. Ng2 Nf7 30. f4 Rfe8 31. Qd3 Bg7 32. Bc3 Nh6 33. Rxe8+ Rxe8 34. Re1
Ra8 35. Nh4 Bf6 36. Nf3 Nf5 37. g4 Nh4 38. h3 Nxf3+ 39. Qxf3 Re8 40. Rxe8+ Qxe8
41. Kf1 Kf7 42. Qd3 Qc8 43. Ke2 c5 44. dxc5 Qxc5 45. Bd2 Ke7 46. Qb3 Bh4 47.
Kd3 Bf2 48. a6 bxa6 49. b7 Qc4+ 50. Qxc4 dxc4+ {[#] Aktive weiße Figuren mit
starken weißen Freibauern gegen passive schwarze Figuren mit blockierten
rückständigen Freibauern} 51. Kxc4 Ba7 52. Kd5 Kd7 53. Ba5 h5 54. gxh5 gxh5 55.
h4 Bb8 56. Bb6 Ke7 57. Kc6 Ke6 58. Bc7 Ba7 59. b8=Q (59. Bxd6 a5 60. f5+ Kxf5
61. Kb5 {[%cal Rb5a6]} a4 (61... Ke6 62. Bh2 Kd7 63. Kxa5 Kc6 64. Ka6 $18) 62.
Kxa4 Ke6 63. Bh2 Kd7 64. Kb5 $18 {[%cal Rb5a6]}) 59... Bxb8 60. Bxb8 d5 61. Be5
a5 62. Bb2 a4 63. Kc5 Kf5 64. Kxd5 Kg4 (64... Kxf4 65. Kc4 Kg4 66. Bf6 a3 67.
Kb3 $18) 65. f5 1-0

[Event "Lee Cup 4th"]
[Site "Beijing"]
[Date "1997.08.31"]
[Round "7"]
[White "Xu, Jun"]
[Black "Zhang, Zhong"]
[Result "0-1"]
[WhiteElo "2505"]
[BlackElo "2475"]
[Annotator "Hecht,H"]
[PlyCount "98"]
[EventDate "1997.08.23"]
[EventType "swiss"]
[EventRounds "11"]
[EventCountry "CHN"]
[SourceTitle "CBM 061"]
[Source "ChessBase"]
[SourceDate "1997.11.23"]
[SourceVersion "1"]
[SourceVersionDate "1997.11.23"]
[SourceQuality "1"]

1. d4 f5 2. g3 Nf6 3. Bg2 g6 4. Nf3 Bg7 5. O-O O-O 6. b3 d6 7. Bb2 Ng4 8. Nbd2
Nc6 9. h3 (9. Nc4 d5 10. Ncd2 e5 11. h3 e4 12. hxg4 exf3 13. Nxf3 fxg4 14. Ne5
Nxe5 15. dxe5 c6 16. f4 gxf3 17. exf3 g5 18. Qd2 Be6 19. Rae1 Rf7 20. Ba3 h5
21. Qd3 h4 22. Qg6 Bf5 23. Qh5 hxg3 {Lautier,J-Bareev,E/Munich 1993/CBM 36/
[Bareev]/0-1 (48)}) (9. e4 f4 10. h3 Nh6 11. Nc4 b5 12. d5 bxc4 13. Bxg7 Kxg7
14. dxc6 e5 15. bxc4 Qe8 16. c5 Qxc6 17. cxd6 cxd6 18. Qd2 Rb8 19. gxf4 Rxf4
20. Nd4 Qc5 21. Nb3 Qc7 22. c4 Nf7 23. c5 dxc5 {Xu Jun-Zhang Zhong/Beijing Tan
Chin Cup 1996/CBM 55/1/2-1/2 (64)}) 9... Nh6 10. Nc4 d5 (10... e6 11. d5 exd5
12. Qxd5+ Nf7 13. Bxg7 Kxg7 14. Na5 Nxa5 15. Qxa5 Bd7 16. e3 Re8 17. Qc3+ Kg8
18. Nd4 c6 19. h4 Qf6 20. Qd2 d5 21. c4 dxc4 22. bxc4 Rad8 23. Qa5 Bc8 24. Qxa7
f4 25. Rad1 {Monin,N-Cacorin,S/Decin op 1996/EXP 53/1-0 (57)}) 11. Nce5 Nxe5
12. Nxe5 Nf7 13. Nd3 c6 14. Rc1 Ng5 15. e3 Ne4 16. c4 Be6 17. Nf4 Bf7 18. cxd5
cxd5 19. Rc2 Qa5 20. Qa1 Rfc8 21. Rfc1 Qd8 22. a4 g5 23. Nd3 Bg6 24. Ne5 e6 25.
Ba3 Rxc2 26. Rxc2 Bxe5 27. dxe5 f4 28. gxf4 gxf4 29. exf4 Ng3 30. Rd2 Nf5 31.
Qd1 Qh4 32. Rc2 Qxf4 33. Bc1 Qd4 34. Qxd4 Nxd4 35. Rc7 Ne2+ 36. Kf1 Nxc1 37.
Rxc1 Rf8 38. Ke2 Rf4 39. Rc8+ Kg7 40. Rc7+ Rf7 41. Rxf7+ Kxf7 {[#] A weakened
White pawn structure. Black achieves a dominating king position and wins
through zugzwang. The "bad" Black bishop, together with the pawns and active
king, dominates the "good" White bishop! [#] Geschwächte weiße Bauernsruktur.
Schwarz erlangt eine dominierende Königsposition und gewinnt durch Zugzwang.
Der "schlechte" schwarze Läufer beherrscht mitsamt den Bauern und dem aktiven
König den "guten" weißen Läufer!} 42. a5 {...Bc2 was threatened, winning a
pawn. Es drohte Lc2 mit Bauerngewinn} Bc2 43. b4 Kg6 44. Ke3 Kg5 45. f4+ Kh4
46. Kf2 Bf5 47. Bf1 Be4 $1 {Zugzwang! Zugzwang!} (47... Bxh3 $4 48. Bxh3 Kxh3
49. f5 $18) 48. Bg2 Bxg2 49. Kxg2 Kh5 $1 (49... Kh5 50. b5 Kg6 51. Kg3 Kf5 52.
Kf3 b6 53. axb6 axb6 54. Ke3 h6 55. Kf3 d4 56. h4 h5 $19) 0-1

[Event "Petrov Memorial op"]
[Site "St Petersburg"]
[Date "1996.??.??"]
[Round "6"]
[White "Riazantsev, Alexander"]
[Black "Popov, Valerij"]
[Result "1-0"]
[WhiteElo "2300"]
[BlackElo "2470"]
[Annotator "Hecht,H"]
[PlyCount "147"]
[EventDate "1996.02.??"]
[EventType "swiss"]
[EventRounds "9"]
[EventCountry "RUS"]
[SourceTitle "CBM 052"]
[Source "ChessBase"]
[SourceDate "1996.06.01"]
[SourceVersion "1"]
[SourceVersionDate "1996.06.01"]
[SourceQuality "1"]

1. d4 f5 2. g3 Nf6 3. Bg2 g6 4. Nf3 Bg7 5. O-O O-O 6. b3 c6 7. Bb2 Na6 8. Nbd2
d6 9. Re1 h6 10. e4 fxe4 11. Nxe4 g5 12. Nxf6+ exf6 13. d5 c5 14. Nd2 Bf5 15.
Be4 Bxe4 16. Nxe4 f5 17. Bxg7 Kxg7 18. Nc3 Nc7 19. Qd3 Qd7 20. f3 b5 21. a3 a6
22. Re2 Rae8 23. Rae1 Rxe2 24. Rxe2 Qf7 25. b4 cxb4 26. axb4 Qf6 27. Rd2 Re8
28. Kf2 h5 29. Qd4 Qxd4+ 30. Rxd4 Kf6 31. f4 g4 32. Rd3 Rh8 33. Nd1 Re8 34. Ne3
Re4 35. Rc3 Rxe3 36. Rxe3 Nxd5 37. Rb3 Ke6 38. Ke2 Nb6 39. Ra3 Nd5 40. c3 Kd7
41. Kd3 Nc7 42. Ra1 Kc6 43. Re1 Kd7 44. Ra1 Ke6 45. Re1+ Kd7 46. Rh1 Ne6 47.
Ke3 Nc7 48. Kd3 Ne8 49. Ra1 Nc7 50. h3 Ke6 51. hxg4 hxg4 52. Kd4 Kd7 53. Rh1
Ne8 54. Rh6 Kc6 55. Re6 Kd7 56. Rg6 Ke7 57. Kd5 Kd7 58. Rh6 Nc7+ 59. Kd4 Ne8
60. Kd3 Ke7 61. Rh7+ Ke6 62. Ra7 Nf6 63. Rxa6 Ne4 64. Ra5 Nxg3 65. Rxb5 Ne4 66.
Ra5 Nf2+ 67. Ke2 Nh3 68. Ke3 g3 69. Ra2 Kd5 70. Rg2 Nf2 71. Rxf2 gxf2 72. Kxf2
{[#] B-B: entfernter Mehrfreibauer; einfach} Kc4 (72... Ke4 73. b5 Kd5 74. c4+
Kc5 75. Ke3 d5 76. cxd5 Kxd5 77. b6 Kc6 78. Kd4 Kxb6 79. Ke5 $18) 73. Ke2 d5
74. Kd2 (74. Kd2 d4 75. cxd4 Kxd4 (75... Kxb4 76. Kd3 Kb5 77. Kc3 Kc6 78. Kc4
Kd6 79. d5 Kd7 80. Kc5 Kc7 81. d6+ Kd7 82. Kd5 Kd8 83. Ke6 Ke8 84. Kxf5 $18)
76. b5 Kc5 77. Kd3 Kxb5 78. Kd4 Kc6 79. Ke5 Kd7 80. Kxf5 Ke7 81. Kg6 Kf8 82.
Kf6 $1 $18) 1-0